| 000 | 00734nam a2200241 a 4500 | ||
|---|---|---|---|
| 003 | MX-MxUPN | ||
| 005 | 20230310063531.0 | ||
| 008 | 230222s2017 sp |||||r|||| 000 p spa d | ||
| 020 | _a9788498953138 | ||
| 040 |
_aMX-MxUPN _bspa _cMX-MxUPN |
||
| 041 | 0 | _aspa | |
| 050 | 1 | 4 |
_aPQ7297 C46 _bA6 2017 |
| 100 | 1 |
_aCastellanos, Rosario, _d1925-1974 _928060 |
|
| 245 | 1 | 0 | _aAntología poética |
| 260 |
_aMadrid : _bVisor Libros, _c2017 |
||
| 300 | _a148 páginas | ||
| 490 | 0 |
_aColección Visor de poesía ; _v1013 |
|
| 650 | 4 |
_aPoesía mexicana _ySiglo XX _91285 |
|
| 700 | 1 |
_aPacheco, José Emilio, _d1939-2014 _928583 _eprologuista |
|
| 902 |
_aMarisolLicea/220223 _bVíctor Ruiz/090323 |
||
| 942 |
_2lcc _cLIBRO |
||
| 999 |
_c209201 _d209201 |
||